Relevos do Brasil - Statistics

Estatísticas Gerais
  • Esse quiz foi jogado 11 vezes
  • A pontuação média é 2 de 10
Estatísticas das Respostas
Hint Resposta % Correto
2 Planalto Central
89%
1 Planalto das Guianas
44%
9 Planície do Pantanal
33%
6 Planalto Meridional
11%
4 Planalto Nordestino
11%
7 Planalto Uruguaio-Sul-Rio-Grandense
11%
5 Serras e Planaltos do Leste e do Sudeste
11%
3 Planalto do Maranhão-Piauí
0%
8 Planície e terras baixas amazônicas
0%
10 Planícies e terras baixas costeiras
0%
Nenhum quiz correspondente encontrado
Distribuição das Pontuações
Porcentagem de Pessoas com Cada Pontuação
Percentil de Números Respondidos
Sua Pontuação Histórica
Você não jogou esse quiz